000 03215nam a2200253Ia 4500
999 _c30616
_d30616
003 CO-CtgCURN
005 20250409212013.0
008 191105s2018 ck f 000 0 spa d
020 _a9789587900385
040 _aCO-CtgCURN
_bspa
_ccoctgcurn
082 _a344.01
_bC758
245 0 _aConstitución y derecho laboral :
_bevocando al dr. Carlos Restrepo Piedrahíta /
_cRicardo Barona Betancourt; Carlos Ignacio Delgado; Javier Fernández Sierra; Alfredo Puyana Silva; Luisa Fernanda Rodríguez Rodríguez; Paula Andrea Sánchez Sarmiento y Paola Silva Vásquez
260 _aBogotá, Colombia :
_bUniversidad Externado de Colombia
_c2018
300 _a229 páginas ;
_c18 centímetros
504 _aIncluye referencias bibliográficas
505 _aCap. 1. El artículo 53 de la constitución política y el código sustantivo del trabajo -- Cap. 2, Acoso laboral , anotaciones -- Cap. 3, Mérito: principio constitucional de ingreso, permanencia y ascenso de los servicios públicos -- Cap. 4, Negociación colectiva en el sector público Cap. 5, La garantía del debido proceso y la dimensión del derecho de defensa: limite a los medios de prueba en el proceso judicial ene l derecho del trabajo y la seguridad social -- Cap. 6, El principio de subsidiariedad para la procedencia de la acción de tutela en asuntos pensionales -- cap. 7, Pago de incapacidades de origen común y de origen laboral desde la perspectiva constitucional
520 _aEl 17 de mayo de 2017 falleció el maestro Carlos Restrepo Piedrahita, quien ocupó la dignidad, entre muchas otras, de senador, embajador, docente, investigador, director de departamento y rector encargado de la Universidad Externado de Colombia. El perfil académico del doctor Restrepo, su huella indeleble, presente en el Externado y en Colombia, la cual se expresa en la formación de algunos juristas que han ocupado la alta magistratura en la Corte Constitucional, su aporte a la Constitución de 1991 y por sobre todo su perfil humanista y de abogado laboralista, cuando fue jefe de la Oficina del Trabajo de Cundinamarca, motivaron para que el Departamento de Derecho Laboral convocara a varios de sus docentes para reflexionar sobre algunos asuntos laborales y de seguridad social que han tenido un desarrollo relevante en materia constitucional. Por esto, este libro abarca diferentes temas como el articulo 53 de la Constitución Política, el acoso laboral, el principio del mérito para los servidores públicos, la negociación colectiva en el sector público, el debido proceso y el derecho de defensa, el principio de subsidiariedad de la tutela por asuntos pensionales y el pago de incapacidades, cada uno explicado desde esa perspectiva constitucional que permita entender a los operadores jurídicos la importancia que reviste la Constitución Política en la interpretación y aplicación de los derechos laborales y de la seguridad social.
521 _aAREA PROFESIONAL
590 _aPrograma de Derecho_18
650 _aDerecho laboral
_92642
942 _cBK
_h344.01
_iC758
_2ddc